zpět

Detail výsledku týmu

A-Sport, Hradec Králové

Datum a čas kvízu

21.5 Celkem bodů Celkový počet nahraných bodů na tomto kvízu bez doplňovacích otázek.
14. Pořadí na kvízu Konečné umístění týmu na tomto kvízu.

Zaznamenané odpovědi

# Otázka Odpověď Body Výsledky
1. Minulý týden ve čtvrtek dorazi... FBI 0
2. Letadlo ruského ministra zahra... v Brazílii 1
3. Letošní vyhlášení tuzemských k... Muriel 0
4. V sobotu nastal tzv. mikroúpln... sněžný 0
5. 34letý trojnásobný mistr světa... Peter Sagan 1
6. Součástí televizního programu... Hodina pravdy 0
7. Milovníkům AZ-kvízu či zábavný... pěstební dělnice 1
8. Mezi lety 1996 až 2006 vysílal... Videostop 0
9. V dnešní době je velmi populár... čtyřikrát 0
10. Kdo z uvedených nikdy nemodero... D 0